000 00460nmm a2200169Ia 4500
008 251105s9999||||xx |||||||||||||||||und||
020 _a9788496428300
041 _aspa
100 _aAlarcón, Pedro Antonio de
245 0 _aEl capitán Veneno
264 _a[Madrid, España] :
_bLinkgua,
_c2015
300 _a114 páginas
490 _aNarrativa
650 _aSpanish narrative
856 _uhttps://public.digitaliapublishing.com/a/16262
942 _cCF
999 _c89897
_d89897